Case in point (Record no. 104499)
[ view plain ]
| 000 -LEADER | |
|---|---|
| fixed length control field | 01291cam a2200265 4500 |
| 001 - CONTROL NUMBER | |
| control field | ##E130642 |
| 008 - FIXED-LENGTH DATA ELEMENTS--GENERAL INFORMATION | |
| fixed length control field | 050822n2006 000 0 eng u |
| 020 ## - INTERNATIONAL STANDARD BOOK NUMBER | |
| International Standard Book Number | 184219240X |
| 035 ## - SYSTEM CONTROL NUMBER | |
| System control number | (Sirsi) u130642 |
| 041 0# - LANGUAGE CODE | |
| Language code of text/sound track or separate title | eng |
| 050 04 - LIBRARY OF CONGRESS CALL NUMBER | |
| Classification number | 346.410434 $2 18 |
| 100 1# - MAIN ENTRY--PERSONAL NAME | |
| Personal name | Hunter, Jason |
| 245 00 - TITLE STATEMENT | |
| Title | Case in point |
| Remainder of title | dilapidations |
| 260 ## - PUBLICATION, DISTRIBUTION, ETC. | |
| Place of publication, distribution, etc. | London |
| Name of publisher, distributor, etc. | RICS |
| Date of publication, distribution, etc. | 2006 |
| 300 ## - PHYSICAL DESCRIPTION | |
| Extent | xxvi,182p. |
| Dimensions | 21cm. |
| 350 ## - PRICE (NR) (BK AM CF MU VM SE) [OBSOLETE] | |
| Price | 24.95 |
| 490 #0 - SERIES STATEMENT | |
| Series statement | RICS Case in Point Series |
| 505 2# - FORMATTED CONTENTS NOTE | |
| Formatted contents note | The tenancy -- Frequently encountered covenants and lease provisions -- Limitations on dilapidations covenants and claims -- Have covenants been broken? -- The work required and its extent -- Remedies |
| 520 ## - SUMMARY, ETC. | |
| Summary, etc. | Aims to keep surveyors up to date with the latest case law on dilapidations. Orders case summaries by points of surveying practice, to assist the reader in understanding the law of dilapidations. Focusing on both commercial and residential cases, this guide aims to aid the resolution of landlord and tenant dilapidation claims. Tables of legislation and cases. |
| 590 ## - LOCAL NOTE (RLIN) | |
| Local note | IKA170106 |
| 650 24 - SUBJECT ADDED ENTRY--TOPICAL TERM | |
| Topical term or geographic name entry element | PROPERTY LITIGATION ASSOCIATION PROTOCOL FOR TERMINAL DILAPIDATIONS CLAIMS FOR DAMAGES |
| 690 ## - LOCAL SUBJECT ADDED ENTRY--TOPICAL TERM (OCLC, RLIN) | |
| Topical term or geographic name as entry element | PROPERTY-LEASEHOLD PROPERTY-LANDLORD AND TENANT-DILAPIDATIONS |
| 942 ## - ADDED ENTRY ELEMENTS (KOHA) | |
| Suppress in OPAC | 0 |
| Withdrawn status | Lost status | Source of classification or shelving scheme | Damaged status | Not for loan | Home library | Current library | Shelving location | Date acquired | Total Checkouts | Full call number | Barcode | Date last seen | Copy number | Price effective from | Koha item type | Cost, normal purchase price | Date last checked out | Cost, replacement price |
|---|---|---|---|---|---|---|---|---|---|---|---|---|---|---|---|---|---|---|
| Dewey Decimal Classification | London | London | Books | 18/01/2006 | 346.410434 HUN | 30071496 | 06/08/2019 | 1 | 06/08/2019 | Reference material | ||||||||
| Dewey Decimal Classification | London | London | Books | 17/02/2006 | 37 | 346.410434 HUN | 30071908 | 06/08/2019 | 2 | 06/08/2019 | Book | 24.95 | 21/04/2011 | 24.95 | ||||
| Dewey Decimal Classification | London | London | RICS Boxes | 18/01/2006 | RICS 2006/01 | 30071497 | 06/08/2019 | 1 | 06/08/2019 | Archive |